| 000 | 00617nam a22002177a 4500 | ||
|---|---|---|---|
| 999 |
_c7658 _d7658 |
||
| 003 | OSt | ||
| 005 | 20220127170355.0 | ||
| 008 | 220127b ||||| |||| 00| 0 eng d | ||
| 020 | _a1-292-02158-6 | ||
| 040 | _cDDC | ||
| 082 | _a658.15 COP 2014 | ||
| 100 |
_aCopeland ,Thomas E : Weston Fred J _915662 |
||
| 245 | _aFinancial theory and coperate policy | ||
| 250 | _a4th ed. | ||
| 260 |
_aEdinburgh Gate: _bPearson; _c2014 |
||
| 300 |
_aii,919p.: _bill; _c27cm |
||
| 504 | _aincludes appendix,index and References | ||
| 650 |
_aFinancial Theory. _915663 |
||
| 650 |
_aCorporate Policy _915664 |
||
| 942 |
_2ddc _cBOOK |
||